000 00419nam a2200181Ia 4500
008 210210b2010 xxu||||| |||| 00| 0 eng d
020 _a9789380179490
041 _aeng
082 _a658.87 SONR
100 _aSONI (Ajay N)
245 _aRetail management
260 _aNew Delhi
_bOxford
_c2010
300 _av,283
650 _aRetail
650 _amanagement
690 _aSales Management
906 _a065908
999 _c147149
_d147149